Corrosion engineering (Record no. 1267)

000 -LEADER
fixed length control field 00569nam a22002177a 4500
001 - CONTROL NUMBER
control field 1267
003 - CONTROL NUMBER IDENTIFIER
control field BD-DhUET
008 - FIXED-LENGTH DATA ELEMENTS--GENERAL INFORMATION
fixed length control field 140902b xxu||||| |||| 00| 0 eng d
020 ## - INTERNATIONAL STANDARD BOOK NUMBER
International Standard Book Number 9789848725085
040 ## - CATALOGING SOURCE
Transcribing agency 0
Modifying agency BD-DhUET
082 ## - DEWEY DECIMAL CLASSIFICATION NUMBER
Classification number 620.1122
Item number NOO/2009
100 ## - MAIN ENTRY--PERSONAL NAME
Personal name Nooruddin Ahmed
245 ## - TITLE STATEMENT
Title Corrosion engineering
Remainder of title an introductory text
250 ## - EDITION STATEMENT
Edition statement 1st ed.
260 ## - PUBLICATION, DISTRIBUTION, ETC. (IMPRINT)
Place of publication, distribution, etc. Dhaka
Name of publisher, distributor, etc. N. Ahmed and I. Mahmud
Date of publication, distribution, etc. 2009
300 ## - PHYSICAL DESCRIPTION
Extent xviii, 261 p.
504 ## - BIBLIOGRAPHY, ETC. NOTE
Bibliography, etc Includes bibliographies
650 #0 - SUBJECT ADDED ENTRY--TOPICAL TERM
Topical term or geographic name as entry element Corrosion and anti-Corrosion
700 ## - ADDED ENTRY--PERSONAL NAME
Personal name Iqbal Mahmud
942 ## - ADDED ENTRY ELEMENTS (KOHA)
Koha item type General Book
Holdings
Sublocation or collection (holding branch) Not for loan Koha normalized classification for sorting Koha issues (times borrowed) Date acquired Koha out on loan Location (home branch) Price effective from Copy number Damaged status Lost status Koha full call number Shelving location Withdrawn status Koha date last seen Source of classification or shelving scheme Koha date last borrowed Koha item type Piece designation (barcode)
Central Library, BUET 620_000000000000000_1122NOO20022014-09-02 Central Library, BUET2014-09-028  620.1122/NOO/2009Circulation section 2021-08-28 2021-08-28General Book107513
Central Library, BUET 620_000000000000000_1122NOO200252014-09-02 Central Library, BUET2014-09-028  620.1122/NOO/2009Circulation section 2021-09-06 2021-09-06General Book107507
Central Library, BUET 620_000000000000000_1122NOO20012014-09-02 Central Library, BUET2014-09-028  620.1122/NOO/2009Circulation section 2021-08-28 2021-08-28General Book107508
Central Library, BUET 620_000000000000000_1122NOO20012014-09-02 Central Library, BUET2014-09-02   620.1122/NOO/2009Circulation section 2021-08-28 2021-08-28General Book107506
Central Library, BUET 620_000000000000000_1122NOO20012014-09-02 Central Library, BUET2014-09-02   620.1122/NOO/2009Circulation section 2021-08-28 2021-08-28General Book107512
Central Library, BUET 620_000000000000000_1122NOO20052014-09-022025-12-15Central Library, BUET2014-09-02   620.1122/NOO/2009Circulation section 2025-12-01 2025-12-01General Book107509
Central Library, BUET 620_000000000000000_1122NOO200382014-09-02 Central Library, BUET2014-09-02   620.1122/NOO/2009Circulation section 2024-10-21 2024-10-21General Book107505
Central Library, BUET 620_000000000000000_1122NOO20012014-09-02 Central Library, BUET2014-09-02   620.1122/NOO/2009Circulation section 2021-08-28 2021-08-28General Book107511
Central Library, BUET 620_000000000000000_1122NOO20012014-09-02 Central Library, BUET2014-09-02   620.1122/NOO/2009Circulation section 2021-08-28 2021-08-28General Book107504
Central Library, BUET 620_112200000000000_NOO_200912010-01-13 Central Library, BUET2018-04-281  620.1122/NOO/2009Circulation section 2021-08-28 2021-08-28General Book107510